| 000 | 00496nam a22001697a 4500 | ||
|---|---|---|---|
| 005 | 20250428183719.0 | ||
| 008 | 250428b |||||||| |||| 00| 0 eng d | ||
| 020 | _a081331125X | ||
| 050 |
_aHD75 _b.B54 BLA |
||
| 100 | _aBlack Jan Knippers | ||
| 245 |
_aDevelopment in Theory & Practice: _bBridging the Gap/ _cJan Knippers Black |
||
| 260 |
_aBoulder _bWestview Press Inc. _c1991 |
||
| 300 |
_axiii. 224p. _bill. _c21 cm |
||
| 500 | _aIncludes Index | ||
| 650 | _2Development | ||
| 942 |
_2lcc _cBK _n0 |
||
| 999 |
_c5592 _d5592 |
||